La historia de los judíos
Enregistré dans:
| Auteur principal: | |
|---|---|
| Format: | Livre |
| Langue: | espagnol |
| Publié: |
Barcelona, España
Penguin Random House
2015
|
| Édition: | 2a. ed |
| Sujets: | |
| Tags: |
Ajouter un tag
Pas de tags, Soyez le premier à ajouter un tag!
|
MARC
| LEADER | 00000cam a2200000 a 4500 | ||
|---|---|---|---|
| 001 | UCC6425 | ||
| 003 | CL-VaPUC | ||
| 005 | 20230823124253.0 | ||
| 008 | 181207e20150000sp |||||||||||||||||spa|d | ||
| 999 | |c 373373 |d 373371 | ||
| 020 | |a 9788499925059 v.I | ||
| 020 | |a 9788499928357 v.II | ||
| 040 | |c Pontificia Universidad Católica de Valparaíso | ||
| 082 | 0 | 4 | |a 909.049 SCH 2015 |2 21 |
| 100 | 0 | |a Schama, Simon |e author |9 600879 | |
| 245 | 1 | 3 | |a La historia de los judíos |
| 250 | |a 2a. ed | ||
| 260 | |a Barcelona, España |b Penguin Random House |c 2015 | ||
| 300 | |a 2 volúmenes | ||
| 505 | |a Vol.I - En busca de las palabras. 1000 A. E. C - 1492. Vol.II - Pertenencia, 1492-1900 | ||
| 583 | |a last modification |c 20190515 04:07:13 |k Rodrigo Vera | ||
| 650 | 0 | |a Historia de los judíos |x HISTORIA |9 526837 | |
| 650 | 0 | |a Judaísmo |9 269348 | |
| 852 | |a BIBHIS | ||
| 942 | |c BK |2 ddc | ||
| 945 | |d 20181207 13:37:00 |a dcastane | ||
| 952 | |0 0 |1 0 |3 erd |4 0 |6 909_049000000000000_SCH_2015 |7 0 |8 A |9 491466 |a BIBHIS |b BIBHIS |h v.1 |i 5522447 |o 909.049 SCH 2015 |p 5522447 |r 2025-01-20 |w 2019-11-24 |y BK |z Catalogado en:20181207 |k HIS | ||
| 952 | |0 0 |1 0 |3 erd |4 0 |6 909_049000000000000_SCH_2015 |7 0 |8 A |9 491467 |a BIBHIS |b BIBHIS |d 2019-05-08 |e 11 |g 19500.00 |h v.1 |i 5549442 |o 909.049 SCH 2015 |p 5549442 |r 2025-01-20 |v 19500.00 |w 2019-11-24 |y BK |z Catalogado en:20190520 |k HIS | ||
| 952 | |0 0 |1 0 |3 erd |4 0 |6 909_049000000000000_SCH_2015 |7 0 |8 A |9 491468 |a BIBHIS |b BIBHIS |d 2019-05-08 |e 11 |g 16800.00 |h v.2 |i 5549450 |o 909.049 SCH 2015 |p 5549450 |r 2025-01-20 |v 16800.00 |w 2019-11-24 |y BK |z Catalogado en:20190520 |k HIS | ||